Роль дискурсивной компетенции как компонента межкультурной компетенции в обучении иноязычному общению; Лингвогуманитарное образование в пространстве технического вуза

Dettagli Bibliografici
Parent link:Лингвогуманитарное образование в пространстве технического вуза.— 2011.— С. 48-52
Autore principale: Соболева А. В. Александра Владимировна
Altri autori: Обдалова О. А. (научный руководитель)
Lingua:russo
Pubblicazione: 2011
Soggetti:
Natura: Capitolo di libro
KOHA link:https://koha.lib.tpu.ru/cgi-bin/koha/opac-detail.pl?biblionumber=293552

MARC

LEADER 00000naa2a2200000 4500
001 293552
005 20260121091508.0
035 |a (RuTPU)RU\TPU\book\318590 
035 |a RU\TPU\book\309968 
090 |a 293552 
100 |a 20150502d2011 k y0rusy50 ca 
101 0 |a rus 
102 |a RU 
200 1 |a Роль дискурсивной компетенции как компонента межкультурной компетенции в обучении иноязычному общению  |f А. В. Соболева  |g науч. рук. О. А. Обдалова 
320 |a Библиогр.: с. 52 (10 назв.) 
463 0 |0 (RuTPU)RU\TPU\book\250404  |t Лингвогуманитарное образование в пространстве технического вуза  |o сборник трудов Международной заочной научно-методической конференции, г. Томск, 29-30 ноября 2011 г.  |f Национальный исследовательский Томский политехнический университет (ТПУ) ; под ред. Ю. Ю. Ковалевой  |v С. 48-52  |d 2011 
610 1 |a труды учёных ТПУ 
700 1 |a Соболева  |b А. В.  |c лингвист  |c старший преподаватель Томского политехнического университета  |f 1983-  |g Александра Владимировна  |3 (RuTPU)RU\TPU\pers\30521  |9 14832 
702 1 |a Обдалова  |b О. А.  |4 727 
801 1 |a RU  |b 63413507  |c 20130604 
801 2 |a RU  |b 63413507  |c 20150502  |g RCR 
942 |c BK